| 000 | 00870cam a2200217 4500 | ||
|---|---|---|---|
| 001 | J1439 | ||
| 008 | 090401t1993 xxu||||| |||| 00| 0 eng d | ||
| 035 | _a(Sirsi) u43466 | ||
| 041 | _aeng | ||
| 050 | _a333.33026 | ||
| 110 |
_aIncorporated Society of Valuers and Auctioneers _91201 |
||
| 245 | _aProperty Misdescriptions Act 1991: guidance notes. | ||
| 260 |
_aLondon _bISVA _c1993 |
||
| 300 | _a26 leaves ; 30cm. | ||
| 350 | _a7.5 | ||
| 520 | _aBased on material prepared by speakers for a series of seminars held in February-March 1993 as part of ISVA`s CPD programme. Includes history and background, legal interpretation, commentary from both residential and commercial agents and defence to liability. | ||
| 650 | _aPROPERTY MISDESCRIPTIONS ACT 1991 | ||
| 690 | _aMANAGEMENT-BUSINESS MANAGEMENT-PROFESSIONAL PRACTICE | ||
| 942 | _n0 | ||
| 948 | _c04/03/1997 | ||
| 999 |
_c91332 _d91332 |
||